WEB TECHNOLOGY (Record no. 10945)

MARC details
000 -LEADER
fixed length control field 00220nam a22001097a 4500
003 - CONTROL NUMBER IDENTIFIER
control field SGT
082 ## - DEWEY DECIMAL CLASSIFICATION NUMBER
Classification number 6.7 BLA
100 ## - MAIN ENTRY--PERSONAL NAME
Personal name BLACK BOOK
245 ## - TITLE STATEMENT
Title WEB TECHNOLOGY
260 ## - PUBLICATION, DISTRIBUTION, ETC. (IMPRINT)
Place of publication, distribution, etc NEW DELHI
Name of publisher, distributor, etc DREAMTECH
Year of Publication 2013
942 ## - ADDED ENTRY ELEMENTS (KOHA)
Source of classification or shelving scheme Dewey Decimal Classification
Koha item type CDs & DVDs
Holdings
Withdrawn status Lost status Source of classification or shelving scheme Damaged status Not for loan Collection code Home library Current library Shelving location Date acquired Vendor Name Cost, normal purchase price SGTU Bill Number Total Checkouts Full call number Accession No. (Barcode) Date last seen Bill Date Koha item type
    Dewey Decimal Classification     ENGINEERING SGT Engineering Library SGT Engineering Library On Display 15/02/2017 IBH 699.00 SGTU 2345   6.7 BLA FECD56 15/02/2017 30/05/2015 CDs & DVDs
    Dewey Decimal Classification     ENGINEERING SGT Engineering Library SGT Engineering Library On Display 15/02/2017 IBH 699.00 SGTU 2345   6.7 BLA FECD57 15/02/2017 30/05/2015 CDs & DVDs
    Dewey Decimal Classification     ENGINEERING SGT Engineering Library SGT Engineering Library On Display 15/02/2017 IBH 699.00 SGTU 2345   6.7 BLA FECD58 15/02/2017 30/05/2015 CDs & DVDs